[Event "EU-Cup 38th"]
[Site "Durres"]
[Date "2023.10.07"]
[Round "7.6"]
[White "Sanz Wawer, Daniel"]
[Black "Maze, Sebastien"]
[Result "0-1"]
[WhiteElo "2359"]
[BlackElo "2546"]
[PlyCount "130"]
[EventDate "2023.10.01"]
[EventType "team-swiss"]
[EventRounds "7"]
[EventCountry "ALB"]
[SourceTitle "EXT 2024"]
[Source "ChessBase"]
[SourceDate "2023.10.10"]
[SourceVersion "1"]
[SourceVersionDate "2023.10.10"]
[SourceQuality "1"]
[WhiteTeam "Silla"]
[BlackTeam "Viernheim"]
[WhiteTeamCountry "ESP"]
[BlackTeamCountry "GER"]

1. d4 Nf6 2. Nf3 g6 3. Bf4 d6 4. e3 Bg7 5. h3 0-0 6. Be2 b6 7. 0-0 Bb7 8. c4 Nbd7 9. Nc3 Ne4 10. Nxe4 Bxe4 11. Nd2 Bb7 12. Bf3 Qc8 13. Bh2 c5 14. Bxb7 Qxb7 15. Nf3 Rfc8 16. Qe2 a6 17. a4 Rab8 18. Rfc1 Bf6 19. b3 Rc7 20. Ra2 b5 21. axb5 axb5 22. d5 Ra8 23. Rxa8+ Qxa8 24. e4 Ra7 25. cxb5 Ra2 26. Qe3 Bb2 27. Rb1 f6 28. Bf4 Qa5 29. Qd3 Qc3 30. Qd1 Qa5 31. Qd3 Bc3 32. h4 Kf7 33. Rc1 Bb4 34. Nh2 Bd2 35. Bxd2 Rxd2 36. Qe3 Rb2 37. Nf3 Qxb5 38. Nd2 Qb4 39. Rd1 Kg7 40. h5 gxh5 41. Qg3+ Kf8 42. Qf4 Ne5 43. Qh6+ Kg8 44. Ra1 Qb8 45. Qe3 Rc2 46. f4 Ng4 47. Qd3 Qb4 48. Ra8+ Kg7 49. Qxc2 Qd4+ 50. Kh1 Qf2 51. Qb1 Qxd2 52. Qf1 Qe3 53. g3 Qxe4+ 54. Qg2 Qb1+ 55. Qg1 Qxb3 56. Ra1 Qxd5+ 57. Qg2 Qd3 58. Re1 Kf7 59. Qb7 Kg6 60. Qg2 e5 61. fxe5 fxe5 62. Qa8 Nf6 63. Qg2 c4 64. Rf1 d5 65. Kh2 Ng4+ 0-1

[Event "ESP-ch Rapid"]
[Site "Linares"]
[Date "2023.08.19"]
[Round "4"]
[White "Vilches del Castillo, Alfonso"]
[Black "Sanz Wawer, Daniel"]
[Result "0-1"]
[WhiteElo "2010"]
[BlackElo "2368"]
[PlyCount "124"]
[EventDate "2023.08.19"]
[EventType "swiss (rapid)"]
[EventRounds "10"]
[EventCountry "ESP"]
[SourceTitle "CBM 215 Extra"]
[Source "ChessBase"]
[SourceDate "2023.09.30"]
[SourceVersion "1"]
[SourceVersionDate "2023.09.30"]
[SourceQuality "1"]

1. e4 c6 2. Nc3 d5 3. Nf3 Bg4 4. d4 dxe4 5. Nxe4 Nf6 6. Nxf6+ exf6 7. c3 Bd6 8. Be3 0-0 9. Qd2 f5 10. 0-0-0 Qc7 11. Qc2 Nd7 12. Bd3 g6 13. h3 Bxf3 14. gxf3 f4 15. Bd2 c5 16. d5 c4 17. Be2 Rac8 18. h4 Rfe8 19. Bf1 Ne5 20. h5 Qc5 21. hxg6 fxg6 22. Kb1 Qxd5 23. Bxf4 Qxf3 24. Be3 Bf8 25. Rh3 Qf5 26. Qxf5 gxf5 27. Rg3+ Ng6 28. Rd7 f4 29. Bg2 fxe3 30. fxe3 Re7 31. Rd4 b5 32. Bd5+ Kg7 33. Rdg4 Rd8 34. e4 Rd6 35. Rg5 h6 36. R5g4 Rf6 37. a4 a6 38. Rg1 Re5 39. Ka2 Bc5 40. R1g2 Be3 41. Ka3 Bg5 42. axb5 axb5 43. Kb4 Nf4 44. Rd2 Nxd5+ 45. exd5 Kf8 46. Rd1 Rd6 47. Kc5 Ke7 48. Kxb5 Rdxd5+ 49. Rxd5 Rxd5+ 50. Kxc4 Rd1 51. b4 Kf6 52. Kc5 h5 53. Rg2 h4 54. b5 Kf5 55. b6 Rb1 56. c4 Be3+ 57. Kd5 Rxb6 58. Re2 Bf4 59. c5 Rh6 60. c6 h3 61. Rf2 h2 62. c7 h1Q+ 0-1

[Event "ESP-chT CECLUB Div2"]
[Site "Linares"]
[Date "2023.08.13"]
[Round "1.37"]
[White "Sanz Wawer, Daniel"]
[Black "Cuellar Montes, Alejandro"]
[Result "1/2-1/2"]
[WhiteElo "2368"]
[BlackElo "2086"]
[PlyCount "72"]
[EventDate "2023.08.13"]
[EventType "team-swiss"]
[EventRounds "7"]
[EventCountry "ESP"]
[SourceTitle "EXT 2024"]
[Source "ChessBase"]
[SourceDate "2023.10.10"]
[SourceVersion "1"]
[SourceVersionDate "2023.10.10"]
[SourceQuality "1"]
[WhiteTeam "Silla Integrant II"]
[BlackTeam "Pena Ajedrecistica"]
[WhiteTeamCountry "ESP"]
[BlackTeamCountry "ESP"]

1. d4 Nf6 2. Nf3 d5 3. c4 e6 4. Nbd2 Be7 5. g3 0-0 6. Bg2 Nbd7 7. 0-0 b6 8. b3 Bb7 9. Bb2 c5 10. cxd5 Bxd5 11. Nc4 b5 12. Nce5 cxd4 13. Bxd4 Nxe5 14. Bxe5 Be4 15. Qc1 Nd5 16. Nd4 Bxg2 17. Kxg2 Rc8 18. Qb2 Qa5 19. e4 Nc3 20. Ne2 b4 21. Bd4 e5 22. Bxc3 bxc3 23. Qc2 Ba3 24. Rad1 Rfd8 25. Rxd8+ Qxd8 26. Rd1 Qc7 27. Rd3 Bb2 28. Rd5 g6 29. Ng1 Rd8 30. Rxd8+ Qxd8 31. Nf3 Qd6 32. a4 Kg7 33. Kf1 Qa6+ 34. Kg2 Qd6 35. Kf1 Qa6+ 36. Kg2 Qd6 1/2-1/2

[Event "Valencia Cuna op 4th"]
[Site "Valencia"]
[Date "2023.07.15"]
[Round "8"]
[White "Sanz Wawer, Daniel"]
[Black "Strikovic, Aleksa"]
[Result "1/2-1/2"]
[WhiteElo "2331"]
[BlackElo "2456"]
[PlyCount "59"]
[EventDate "2023.07.08"]
[EventType "swiss"]
[EventRounds "9"]
[EventCountry "ESP"]
[SourceTitle "CBM 215 Extra"]
[Source "ChessBase"]
[SourceDate "2023.09.30"]
[SourceVersion "1"]
[SourceVersionDate "2023.09.30"]
[SourceQuality "1"]

1. e4 d6 2. d4 Nf6 3. Nc3 e5 4. Nf3 Nbd7 5. Bc4 Be7 6. 0-0 Nb6 7. Bb3 exd4 8. Qxd4 0-0 9. a4 a5 10. e5 dxe5 11. Qxd8 Rxd8 12. Nxe5 Nfd5 13. Nxd5 Nxd5 14. c3 Be6 15. Bc2 h6 16. Re1 Bf6 17. f4 Ne7 18. Be3 Nf5 19. Bf2 Rd2 20. Rac1 Nh4 21. Red1 Rad8 22. Kf1 g5 23. Rxd2 Rxd2 24. Be1 Rd6 25. Bxh4 gxh4 26. Rd1 Rb6 27. Rd2 Kf8 28. Bd1 Ke7 29. Ng4 Bxg4 30. Bxg4 1/2-1/2

[Event "Alicante IM Teams 3rd"]
[Site "Alicante"]
[Date "2023.07.06"]
[Round "8"]
[White "Bendayan Claros, Aaron Arturo"]
[Black "Sanz Wawer, Daniel"]
[Result "1/2-1/2"]
[WhiteElo "2271"]
[BlackElo "2331"]
[PlyCount "78"]
[EventDate "2023.07.03"]
[EventType "schev"]
[EventRounds "9"]
[EventCountry "ESP"]
[SourceTitle "CBM 215 Extra"]
[Source "ChessBase"]
[SourceDate "2023.09.30"]
[SourceVersion "1"]
[SourceVersionDate "2023.09.30"]
[SourceQuality "1"]
[WhiteTeam "Team D"]
[BlackTeam "Team B"]
[WhiteTeamCountry "ESP"]
[BlackTeamCountry "ESP"]

1. d4 Nf6 2. Bg5 d5 3. e3 e6 4. Nd2 c5 5. c3 Nbd7 6. Ngf3 Be7 7. Bd3 0-0 8. 0-0 b6 9. Ne5 Nxe5 10. dxe5 Nd7 11. Bf4 Bb7 12. Qh5 g6 13. Qg4 Re8 14. Nf3 Bf8 15. h4 Bg7 16. h5 Qc7 17. Qg3 a5 18. hxg6 fxg6 19. Bb5 Bc6 20. Bxc6 Qxc6 21. c4 Nf8 22. b3 a4 23. Rfd1 axb3 24. axb3 Rxa1 25. Rxa1 Ra8 26. Rxa8 Qxa8 27. Qg5 Qe8 28. Qh4 b5 29. cxb5 Qxb5 30. Qe7 h6 31. Nh2 g5 32. Bg3 Qxb3 33. Qxc5 Qb1+ 34. Nf1 h5 35. f4 h4 36. Bf2 gxf4 37. exf4 Qf5 38. g3 hxg3 39. Bxg3 Qg6 1/2-1/2

[Event "POL-chT 1st League"]
[Site "Sypniewo"]
[Date "2022.09.09"]
[Round "7.5"]
[White "Sanz Wawer, Daniel"]
[Black "Paszewski, Mateusz"]
[Result "1/2-1/2"]
[WhiteElo "2265"]
[BlackElo "2263"]
[PlyCount "49"]
[EventDate "2022.09.03"]
[EventType "team-swiss"]
[EventRounds "9"]
[EventCountry "POL"]
[SourceTitle "CBM 210 Extra"]
[Source "ChessBase"]
[SourceDate "2022.11.30"]
[SourceVersion "1"]
[SourceVersionDate "2022.11.30"]
[SourceQuality "1"]
[WhiteTeam "Chylice Laura"]
[BlackTeam "Podlesie UKS 21"]
[WhiteTeamCountry "POL"]
[BlackTeamCountry "POL"]

1. d4 d5 2. c4 c6 3. Nd2 Nf6 4. Ngf3 Bf5 5. Nh4 Be4 6. e3 e6 7. Be2 h6 8. Nxe4 Nxe4 9. Nf3 Bb4+ 10. Kf1 Bd6 11. Nd2 Nxd2+ 12. Bxd2 Nd7 13. g3 0-0 14. Kg2 dxc4 15. Bxc4 c5 16. Bc3 cxd4 17. Bxd4 Be5 18. Be2 b6 19. Rc1 Rc8 20. Qa4 Bxd4 21. Qxd4 Nf6 22. Rxc8 Qxc8 23. Rd1 Qc7 24. a3 Rc8 25. Ba6 1/2-1/2

[Event "Pozarevac Rudar 5th"]
[Site "Pozarevac"]
[Date "2022.08.26"]
[Round "6"]
[White "Sanz Wawer, Daniel"]
[Black "Ristic, Nebojsa M"]
[Result "1-0"]
[WhiteElo "2289"]
[BlackElo "2353"]
[PlyCount "61"]
[EventDate "2022.08.22"]
[EventType "tourn"]
[EventRounds "9"]
[EventCountry "SRB"]
[SourceTitle "CBM 209 Extra"]
[Source "ChessBase"]
[SourceDate "2022.09.30"]
[SourceVersion "1"]
[SourceVersionDate "2022.09.30"]
[SourceQuality "1"]

1. d4 Nf6 2. c4 c5 3. d5 b5 4. cxb5 a6 5. bxa6 d6 6. Nc3 g6 7. Nf3 Bg7 8. g3 0-0 9. Bg2 Bxa6 10. 0-0 Nbd7 11. Qc2 Qa5 12. Rd1 Rfb8 13. Bd2 Qb6 14. b3 Bb7 15. e4 Ne8 16. Na4 Qd8 17. Bc3 f6 18. Nb2 Ba6 19. Nd3 Bxd3 20. Rxd3 Nb6 21. h4 Qc8 22. Rdd1 Nc7 23. a4 Na6 24. h5 Nd7 25. hxg6 hxg6 26. Bh3 Qb7 27. Be6+ Kf8 28. e5 f5 29. Nh4 Qxb3 30. Nxg6+ Ke8 31. Qxf5 1-0

[Event "Satu Mare Szabo Memorial"]
[Site "Satu Mare"]
[Date "2022.08.07"]
[Round "9"]
[White "Sanz Wawer, Daniel"]
[Black "Pasti, Aron"]
[Result "0-1"]
[WhiteElo "2289"]
[BlackElo "2332"]
[PlyCount "112"]
[EventDate "2022.08.01"]
[EventType "tourn"]
[EventRounds "9"]
[EventCountry "ROU"]
[EventCategory "4"]
[SourceTitle "CBM 209 Extra"]
[Source "ChessBase"]
[SourceDate "2022.09.30"]
[SourceVersion "1"]
[SourceVersionDate "2022.09.30"]
[SourceQuality "1"]

1. e4 c5 2. Nf3 e6 3. d4 cxd4 4. Nxd4 Nc6 5. Nc3 Qc7 6. Be3 a6 7. Be2 b5 8. a3 Bb7 9. 0-0 Nf6 10. Nxc6 Bxc6 11. Bd3 d5 12. exd5 Nxd5 13. Nxd5 Bxd5 14. Qh5 g6 15. Qh4 Bg7 16. c3 0-0 17. Bh6 Bxh6 18. Qxh6 e5 19. Qe3 f5 20. f4 e4 21. Bc2 Rfd8 22. Rfd1 Bc4 23. g3 a5 24. a4 bxa4 25. Rxd8+ Rxd8 26. Rxa4 Bd3 27. Bb3+ Kg7 28. Rd4 Rb8 29. Ba4 Qb6 30. b3 Kh6 31. Kg2 Qc7 32. c4 Rd8 33. Rxd8 Qxd8 34. h3 Bc2 35. c5 Qd1 36. Bb5 Bxb3 37. Be2 Qd5 38. g4 fxg4 39. hxg4 g5 40. fxg5+ Kg6 41. c6 Ba4 42. c7 Bd7 43. Qf4 Qe6 44. Kg3 Kg7 45. Bc4 Qe7 46. Ba6 Qa3+ 47. Kh4 Qc3 48. Qf6+ Qxf6 49. gxf6+ Kxf6 50. c8Q Bxc8 51. Bxc8 a4 52. Ba6 a3 53. Bc4 Ke5 54. Kg3 Kd4 55. Bg8 e3 56. g5 Kc3 0-1

[Event "Satu Mare Szabo Memorial"]
[Site "Satu Mare"]
[Date "2022.08.02"]
[Round "3"]
[White "Filip, Andrei"]
[Black "Sanz Wawer, Daniel"]
[Result "1/2-1/2"]
[WhiteElo "2324"]
[BlackElo "2289"]
[PlyCount "48"]
[EventDate "2022.08.01"]
[EventType "tourn"]
[EventRounds "9"]
[EventCountry "ROU"]
[EventCategory "4"]
[SourceTitle "CBM 209 Extra"]
[Source "ChessBase"]
[SourceDate "2022.09.30"]
[SourceVersion "1"]
[SourceVersionDate "2022.09.30"]
[SourceQuality "1"]

1. e4 c6 2. d4 d5 3. e5 c5 4. dxc5 e6 5. a3 Nc6 6. Nf3 Bxc5 7. b4 Bb6 8. Bb2 f6 9. Nbd2 fxe5 10. Nxe5 Nf6 11. Bd3 Nxe5 12. Bxe5 Bc7 13. Qe2 0-0 14. 0-0 Bxe5 15. Qxe5 Bd7 16. Nf3 Rc8 17. Qd4 Qc7 18. Rfe1 a6 19. Qh4 Rce8 20. c4 b5 21. cxb5 Bxb5 22. Rac1 Qd6 23. Bxb5 axb5 24. Nd4 Ne4 1/2-1/2

[Event "Poiana Brasov op"]
[Site "Poiana Brasov"]
[Date "2022.07.24"]
[Round "1"]
[White "Sanz Wawer, Daniel"]
[Black "Popescu, Ioan Romulus"]
[Result "1-0"]
[WhiteElo "2363"]
[BlackElo "1949"]
[PlyCount "45"]
[EventDate "2022.07.24"]
[EventType "swiss"]
[EventRounds "9"]
[EventCountry "ROU"]
[SourceTitle "EXT 2023"]
[Source "ChessBase"]
[SourceDate "2022.10.05"]
[SourceVersion "1"]
[SourceVersionDate "2022.10.05"]
[SourceQuality "1"]

1. e4 c5 2. Nf3 e6 3. d4 cxd4 4. Nxd4 a6 5. Nc3 Qc7 6. Be2 Nf6 7. 0-0 Nc6 8. Be3 Bd6 9. f4 Bc5 10. e5 Nxd4 11. Bxd4 Qb6 12. Bxc5 Qxc5+ 13. Kh1 Nd5 14. Ne4 Qe7 15. Nd6+ Kf8 16. Qd4 g6 17. f5 gxf5 18. c4 Nb4 19. Qd2 Nc6 20. Qe3 f6 21. exf6 Qxf6 22. g4 Ke7 23. Nxf5+ 1-0

[Event "Bastia op"]
[Site "Bastia"]
[Date "2022.07.13"]
[Round "4"]
[White "Venkatesh, Marani Rajendran"]
[Black "Sanz Wawer, Daniel"]
[Result "1/2-1/2"]
[WhiteElo "2479"]
[BlackElo "2363"]
[PlyCount "75"]
[EventDate "2022.07.10"]
[EventType "swiss"]
[EventRounds "7"]
[EventCountry "FRA"]
[SourceTitle "CBM 209 Extra"]
[Source "ChessBase"]
[SourceDate "2022.09.30"]
[SourceVersion "1"]
[SourceVersionDate "2022.09.30"]
[SourceQuality "1"]

1. e4 c6 2. d4 d5 3. e5 c5 4. Nf3 cxd4 5. Nxd4 Nc6 6. Nxc6 bxc6 7. Bd3 e6 8. 0-0 Ne7 9. Be3 Ng6 10. f4 Qa5 11. Kh1 Bc5 12. Bd2 Qb6 13. Nc3 Be7 14. b4 Ba6 15. b5 cxb5 16. Qe2 0-0 17. Rab1 Qc7 18. Rb3 Bc5 19. Qh5 Qc6 20. Nxb5 Rab8 21. a4 Bb7 22. Be2 d4 23. Bf3 Qd7 24. Rd3 Bxf3 25. Qxf3 a6 26. Nxd4 Bxd4 27. Qe4 Rfd8 28. c3 Qxa4 29. cxd4 Ne7 30. h3 Nf5 31. Bc3 Qc2 32. Qf3 Rb3 33. Rfd1 Rc8 34. R1d2 Qc1+ 35. Rd1 Qc2 36. R1d2 Qc1+ 37. Rd1 Qc2 38. R1d2 1/2-1/2

[Event "Bastia op"]
[Site "Bastia"]
[Date "2022.07.10"]
[Round "1"]
[White "Sanz Wawer, Daniel"]
[Black "Deladerriere, Apollo"]
[Result "1-0"]
[WhiteElo "2363"]
[BlackElo "1751"]
[PlyCount "191"]
[EventDate "2022.07.10"]
[EventType "swiss"]
[EventRounds "7"]
[EventCountry "FRA"]
[SourceTitle "CBM 209 Extra"]
[Source "ChessBase"]
[SourceDate "2022.09.30"]
[SourceVersion "1"]
[SourceVersionDate "2022.09.30"]
[SourceQuality "1"]

1. e4 c6 2. d4 d5 3. e5 c5 4. dxc5 e6 5. a3 Bxc5 6. Qg4 Bf8 7. Bd3 Nc6 8. Nf3 g6 9. 0-0 Bg7 10. Re1 Bd7 11. Nc3 a6 12. Be3 Nxe5 13. Nxe5 Bxe5 14. Bc5 Nf6 15. Qh4 Bxc3 16. bxc3 Ne4 17. Qxd8+ Rxd8 18. Bd4 0-0 19. f3 Nd6 20. Bf6 Rde8 21. h4 b5 22. h5 Nc4 23. Kf2 h6 24. g4 e5 25. Bxc4 dxc4 26. Bxe5 f6 27. Bd6 Rxe1 28. Rxe1 Re8 29. Rd1 Kg7 30. Bc5 Bc8 31. hxg6 Kxg6 32. Rd6 Re6 33. Rd8 Rc6 34. Bd4 Be6 35. Rf8 Bf7 36. Be3 Rc7 37. Ra8 Rc6 38. Rh8 Kg7 39. Rxh6 Bg6 40. Rh2 Bxc2 41. Bd4 Kg6 42. f4 f5 43. g5 Re6 44. Rh6+ Kf7 45. Rh7+ Kf8 46. Be5 Bd1 47. Ke3 Kg8 48. Ra7 Bh5 49. Kd4 Rc6 50. Rg7+ Kf8 51. Rh7 Bf3 52. Bf6 a5 53. Ra7 b4 54. axb4 axb4 55. Be7+ Kf7 56. Bxb4+ Kg6 57. Re7 Be4 58. Bc5 Bd3 59. Kd5 Ra6 60. Bd4 Ra5+ 61. Kd6 Ra6+ 62. Kc5 Ra5+ 63. Kb6 Ra8 64. Rg7+ Kh5 65. Rh7+ Kg6 66. Rh6+ Kf7 67. g6+ Ke7 68. Rh7+ Ke6 69. Rc7 Rb8+ 70. Ka7 Rg8 71. g7 Be2 72. Bc5 Kf6 73. Bf8 Kg6 74. Kb6 Kh5 75. Kc5 Kg6 76. Kd4 Kh5 77. Ke5 Bd3 78. Kf6 Kh6 79. Kf7 Kh7 80. Rc6 Be4 81. Rh6+ Kxh6 82. Kxg8 Bd5+ 83. Kh8 Kh5 84. g8Q Bxg8 85. Kxg8 Kg4 86. Bd6 Kh4 87. Kf7 Kh5 88. Kf6 Kh6 89. Kxf5 Kg7 90. Ke6 Kg8 91. f5 Kg7 92. f6+ Kh8 93. f7 Kg7 94. f8Q+ Kh7 95. Qf7+ Kh8 96. Be5# 1-0

[Event "Cap Aurora FISCA"]
[Site "Cap Aurora"]
[Date "2022.06.28"]
[Round "8"]
[White "Sanz Wawer, Daniel"]
[Black "Antonica, Dragos Andrei"]
[Result "1/2-1/2"]
[WhiteElo "2363"]
[BlackElo "2355"]
[PlyCount "136"]
[EventDate "2022.06.22"]
[EventType "tourn"]
[EventRounds "9"]
[EventCountry "ROU"]
[EventCategory "2"]
[SourceTitle "CBM 209 Extra"]
[Source "ChessBase"]
[SourceDate "2022.09.30"]
[SourceVersion "1"]
[SourceVersionDate "2022.09.30"]
[SourceQuality "1"]

1. e4 e6 2. d4 d5 3. Nd2 c5 4. exd5 Qxd5 5. Ngf3 cxd4 6. Bc4 Qd6 7. 0-0 Nf6 8. Nb3 Nc6 9. Nbxd4 Nxd4 10. Nxd4 Be7 11. Nb5 Qc6 12. Qe2 a6 13. Bf4 0-0 14. Nd4 Qe4 15. Qxe4 Nxe4 16. Rfe1 Nf6 17. Rad1 b5 18. Bb3 Bc5 19. Nc6 Bb7 20. Bd6 Bxc6 21. Bxc5 Rfc8 22. Bd4 Bd5 23. Bxf6 Bxb3 24. axb3 gxf6 25. c3 a5 26. g3 a4 27. bxa4 Rxa4 28. Ra1 Rac4 29. Re3 Rd8 30. b3 Rc7 31. Ra5 Rd1+ 32. Kg2 Rb7 33. Re4 f5 34. Rb4 Rc7 35. Raxb5 Rxc3 36. g4 Rb1 37. gxf5 exf5 38. Rb7 Rb2 39. R4b5 h6 40. Rxf5 Rcxb3 41. Rbxf7 Rb7 42. Rf8+ Kg7 43. Rf3 R2b5 44. h4 Rb3 45. Rxb3 Rxb3 46. Rf5 Kg6 47. Rc5 Ra3 48. f3 Ra4 49. Kg3 Rb4 50. Re5 Ra4 51. Re4 Ra1 52. Re6+ Kh5 53. Re5+ Kg6 54. h5+ Kf6 55. Rb5 Ra4 56. f4 Ra1 57. Rb6+ Kf5 58. Rxh6 Rg1+ 59. Kh3 Rh1+ 60. Kg2 Rh4 61. Ra6 Rxf4 62. h6 Kg5 63. h7 Rh4 64. Ra5+ Kg6 65. Ra4 Rxh7 66. Ra6+ Kg7 67. Ra7+ Kg8 68. Rxh7 Kxh7 1/2-1/2

[Event "Pozarevac Nesic Memorial"]
[Site "Pozarevac"]
[Date "2022.02.15"]
[Round "9"]
[White "Sanz Wawer, Daniel"]
[Black "Dudukovic, Nikola"]
[Result "1-0"]
[WhiteElo "2371"]
[BlackElo "2362"]
[PlyCount "51"]
[EventDate "2022.02.08"]
[EventType "tourn"]
[EventRounds "9"]
[EventCountry "SRB"]
[EventCategory "2"]
[SourceTitle "CBM 206 Extra"]
[Source "ChessBase"]
[SourceDate "2022.03.31"]
[SourceVersion "1"]
[SourceVersionDate "2022.03.31"]
[SourceQuality "1"]

1. e4 e5 2. Nf3 Nc6 3. Bb5 a6 4. Ba4 Nf6 5. 0-0 Be7 6. Re1 b5 7. Bb3 0-0 8. a4 b4 9. d4 d6 10. h3 Bb7 11. c3 bxc3 12. bxc3 Nd7 13. Nbd2 Na5 14. Ba2 Bf6 15. Nc4 Nxc4 16. Bxc4 Rb8 17. Ba3 exd4 18. cxd4 Re8 19. Qc2 c5 20. Rad1 Qa5 21. dxc5 Nxc5 22. Rxd6 Rxe4 23. Rb1 Rbe8 24. Bxc5 Kh8 25. Rxb7 Qxc5 26. Qxe4 1-0

[Event "Pozarevac Nesic Memorial"]
[Site "Pozarevac"]
[Date "2022.02.10"]
[Round "3"]
[White "Sanz Wawer, Daniel"]
[Black "Milanovic, Slavisa"]
[Result "1/2-1/2"]
[WhiteElo "2371"]
[BlackElo "2296"]
[PlyCount "87"]
[EventDate "2022.02.08"]
[EventType "tourn"]
[EventRounds "9"]
[EventCountry "SRB"]
[EventCategory "2"]
[SourceTitle "CBM 206 Extra"]
[Source "ChessBase"]
[SourceDate "2022.03.31"]
[SourceVersion "1"]
[SourceVersionDate "2022.03.31"]
[SourceQuality "1"]

1. d4 e6 2. c4 Nf6 3. Nc3 Bb4 4. Qc2 Nc6 5. Nf3 d6 6. e3 0-0 7. a3 Bxc3+ 8. Qxc3 Qe7 9. b4 e5 10. dxe5 Nxe5 11. Nxe5 Qxe5 12. Qxe5 dxe5 13. Bb2 Re8 14. Be2 c5 15. 0-0 Be6 16. Rfd1 Rac8 17. b5 Nd7 18. a4 Nb6 19. Rdc1 a5 20. bxa6 bxa6 21. Bxe5 Bxc4 22. Bxc4 Nxc4 23. Rxc4 Rxe5 24. Rb1 Kf8 25. Rb6 Re6 26. Rxe6 fxe6 27. Kf1 Ke7 28. Ke2 Kd6 29. Rh4 h6 30. Kd3 Rb8 31. Kc3 a5 32. Rf4 Rb4 33. Rf7 g5 34. Rf6 Rxa4 35. Rxh6 Ra2 36. Rg6 Rxf2 37. Rxg5 a4 38. Rg4 a3 39. Kb3 a2 40. Ra4 c4+ 41. Kxc4 Rxg2 42. Ra6+ Ke5 43. h4 Rh2 44. Kd3 1/2-1/2

[Event "Pozarevac Nesic Memorial"]
[Site "Pozarevac"]
[Date "2022.02.08"]
[Round "1"]
[White "Sanz Wawer, Daniel"]
[Black "Petrovic, Aleksa"]
[Result "1/2-1/2"]
[WhiteElo "2371"]
[BlackElo "2296"]
[PlyCount "99"]
[EventDate "2022.02.08"]
[EventType "tourn"]
[EventRounds "9"]
[EventCountry "SRB"]
[EventCategory "2"]
[SourceTitle "CBM 206 Extra"]
[Source "ChessBase"]
[SourceDate "2022.03.31"]
[SourceVersion "1"]
[SourceVersionDate "2022.03.31"]
[SourceQuality "1"]

1. e4 c5 2. Nf3 e6 3. d4 cxd4 4. Nxd4 a6 5. Nc3 Qc7 6. Be3 b5 7. Bd3 Bb7 8. 0-0 Nf6 9. f3 b4 10. Na4 d5 11. exd5 Nxd5 12. Bf2 Bd6 13. g3 0-0 14. c4 bxc3 15. Rc1 Nc6 16. Nxc6 Bxc6 17. Nxc3 Nxc3 18. Rxc3 Qb7 19. Bxh7+ Kxh7 20. Qc2+ g6 21. Rxc6 Rac8 22. Rxc8 Rxc8 23. Qe2 Bc5 24. Rd1 Qa7 25. Rd2 a5 26. Kg2 Bxf2 27. Qxf2 Qb7 28. Qd4 Qe7 29. b3 Rc5 30. Re2 e5 31. Qe4 Qd6 32. Rc2 Rxc2+ 33. Qxc2 Qd4 34. a3 Kg7 35. h4 Qe3 36. Qb2 Kg8 37. b4 e4 38. fxe4 Qxe4+ 39. Kh2 axb4 40. axb4 Qb7 41. b5 Qb6 42. Qe2 Qd4 43. Kh3 Qg1 44. Qe8+ Kg7 45. Qe5+ Kg8 46. g4 Qh1+ 47. Kg3 Qg1+ 48. Kf3 Qf1+ 49. Ke4 Qe2+ 50. Kf4 1/2-1/2